Loading...
| Fine Arts - Classical Music | 0 | 6 | 1 | 0 | 55 | 38 | 57.50 | 1 | 3 | 27.48 | 44.06 |
| Science - Chemistry | 0 | 5 | 1 | 1 | 45 | 34 | 71.00 | 0 | 2 | 13.75 | 27.33 |
| Fine Arts - Other | 0 | 3 | 0 | 0 | 30 | 54 | 87.00 | 0 | 1 | 7.65 | 18.36 |
| Science - Other | 0 | 3 | 0 | 0 | 30 | 42 | 58.33 | 2 | 2 | 13.86 | 23.48 |
| Philosophy | 0 | 2 | 0 | 0 | 20 | 62 | 68.50 | 0 | 0 | 8.95 | 15.38 |
| Literature - European | 0 | 2 | 0 | 0 | 20 | 23 | 65.50 | 1 | 1 | 7.29 | 12.12 |
| Science - Biology | 0 | 2 | 0 | 0 | 20 | 54 | 54.00 | 0 | 1 | 8.81 | 13.29 |
| Social Science | 0 | 1 | 0 | 0 | 10 | 72 | 72.00 | 0 | 0 | 4.32 | 3.13 |
| Popular Culture | 0 | 1 | 0 | 1 | 10 | 92 | 92.00 | 0 | 0 | 2.34 | 1.10 |
| Religion | 0 | 1 | 0 | 1 | 10 | 97 | 97.00 | 0 | 0 | 0.00 | 1.52 |
| History - World | 0 | 1 | 0 | 1 | 10 | 109 | 109.00 | 0 | 0 | 0.00 | 1.40 |
| Fine Arts - Painting and Sculpture | 0 | 1 | 0 | 0 | 10 | 54 | 54.00 | 0 | 0 | 4.90 | 5.30 |
| Literature - American | 0 | 1 | 1 | 0 | 5 | 128 | 128.00 | 0 | 0 | 0.00 | 3.79 |
| Literature - British | 0 | 0 | 1 | 0 | -5 | 0.00 | 0 | 0 | 0.00 | 0.00 |